| 000 | 00424nam a22001577a 4500 | ||
|---|---|---|---|
| 003 | OSt | ||
| 008 | 210915b ||||| |||| 00| 0 eng d | ||
| 020 | _a9789387973435 | ||
| 082 |
_a635 _bTYA/PL |
||
| 245 | _aPlant Protection And Stress Management | ||
| 260 |
_aNew Delhi _bNew India Publishing Agency _c2019 |
||
| 300 | _a177 Pages | ||
| 490 | _aHi -Tech Horticulture Vol. 4 | ||
| 700 |
_aTyagi, Sachin _95063 |
||
| 942 | _cBK | ||
| 999 |
_c17435 _d17435 |
||